000 00964cam a22002771 4500
001 sa 68013461
003 DLC
005 20260227112622.0
008 711115s1967 io b 000 0 eng
010 _asa 68013461
025 _aPL480:Indo-7050
040 _aDLC
_cDLC
_dDLC
043 _aa-io---
050 0 0 _aHD2085.S75
_bP47
082 0 0 _a338.1/0992/1
100 1 _aPenny, David Harry.
245 1 4 _aThe index of economic-mindedness.
260 _aBogor,
_bPanitia Seksi Dokumentasi, Survey Agro Ekonomi,
_c1967.
300 _a7 p.
_c32 cm.
500 _a"Kutipan dari The transition from subsistence to commercial family farming in North Sumatra."
504 _aBibliography: p. 7.
650 0 _aAgriculture
_xEconomic aspects
_zIndonesia
_zSumatra.
650 0 _aFarmers
_zIndonesia
_zSumatra.
650 0 _aVillages
_zIndonesia
_zSumatra.
700 1 _aPenny, David Harry.
_tTransition from subsistence to commercial family farming in North Sumatra.
999 _c85122
_d85122